00456nam a2200157Ia 450000500170000000800410001708200130005810000210007124500220009226000420011430000120015665000100016894200060017895200990018499900150028320250402014238.0240331s9999 xx 000 0 und d bTHIa894 aThillainathan, P 0aYuthathai thinpom aScarboroughbAruvi Publicationsc1999 a44 p ., aPoems cL 001040708LaWERCLbWERCLcSSCd2024-03-31l0o 894.811 THIp2996r2024-03-31w2024-03-31yL c4157d4157